| 000 | 01278cam a2200349 a 4500 | ||
|---|---|---|---|
| 001 | 4750644 | ||
| 003 | ARRUPE | ||
| 005 | 20211019105330.0 | ||
| 008 | 850515s1986 enka 001 0 eng | ||
| 010 | _a 85011682 | ||
| 020 | _a0521286239 (pbk. : v. 1) | ||
| 020 | _z0521286220 (pbk. : v. 2) | ||
| 040 |
_aDLC _cDLC _dDLC |
||
| 041 | 0 | _aenglat | |
| 043 |
_ae------ _aff----- _aaw----- |
||
| 050 | 0 | 0 |
_aPA2057 _b1986 |
| 082 | 0 | 0 |
_a478.2/421 _219 |
| 100 | 1 |
_aJones, P. V. _q(Peter V.) _950580 |
|
| 245 | 1 | 0 |
_aReading Latin / _cPeter V. Jones & Keith C. Sidwell. |
| 260 |
_aCambridge ; _aNew York : _bCambridge University Press, _c1986. |
||
| 300 |
_a2 v. : _bill. ; _c21 cm. |
||
| 500 | _aIncludes indexes. | ||
| 505 | 0 | _a[1] Text -- [2] Grammar, vocabulary, and exercises. | |
| 650 | 0 |
_aLatin language _vReaders. _950581 |
|
| 650 | 0 |
_aLatin language _xGrammar _vProblems, exercises, etc. _9168 |
|
| 651 | 0 |
_aRome _xCivilization _vProblems, exercises, etc. _950582 |
|
| 700 | 1 |
_aSidwell, Keith C. _950583 |
|
| 856 | 4 | 2 |
_3Publisher description _uhttp://www.loc.gov/catdir/description/cam023/85011682.html |
| 856 | 4 | 1 |
_3Table of contents _uhttp://www.loc.gov/catdir/toc/cam022/85011682.html |
| 906 |
_a7 _bcbc _corignew _d1 _eocip _f19 _gy-gencatlg |
||
| 942 |
_2lcc _cMONOGRAPH |
||
| 999 |
_c130936 _d130936 |
||